Statistics for Suburbs of Indianapolis

Click here to take the quiz!

General Stats

  • This quiz has been taken 92 times
    (30 since last reset)
  • The average score is 13 of 22

Answer Stats

PopulationCountySuburb% Correct
100,777HamiltonCarmel
95%
101,171HamiltonFishers
95%
70, 926HamiltonNoblesville
81%
55,130MadisonAnderson
76%
64,918JohnsonGreenwood
71%
12,102MarionSpeedway
71%
50,630HamiltonWestfield
71%
31,702BooneZionsville
71%
47,866MarionLawrence
67%
22,860HendricksAvon
62%
30,068HendricksBrownsburg
62%
35,592HendricksPlainfield
62%
11,669MorganMartinsville
52%
14,740MarionBeech Grove
48%
16,840BooneLebanon
48%
19,048ShelbyShelbyville
48%
24,009HancockGreenfield
43%
25,437JohnsonFranklin
38%
10,508PutnamGreencastle
38%
10,758HendricksDanville
33%
11,093BooneWhitestown
33%
10,239JohnsonBargersville
29%

Score Distribution

Percentile by Number Answered

Percent of People with Each Score

Your Score History

You have not taken this quiz since the last reset